Los tests: manual de pruebas psicométricas de inteligencia y de aptitudes

Gorde:
Xehetasun bibliografikoak
Egile nagusia: Székely, Béla (Egilea)
Formatua: Liburua
Hizkuntza:gaztelania
Argitaratua: Buenos Aires Kapelusz 1953
Edizioa:3a. ed
Saila:Biblioteca de ciencias de la educación
Gaiak:
Etiketak: Etiketa erantsi
Etiketarik gabe, Izan zaitez lehena erregistro honi etiketa jartzen!

MARC

LEADER 00000nam a2200000 a 4500
001 UCY6089
003 CL-VaPUC
008 950521e19530500AG |||||||||||||||||spa|d
082 0 4 |a 150.287  |b SZE  |2 21 
100 0 |a Székely, Béla  |e author  |9 335732 
245 1 4 |a Los tests: manual de pruebas psicométricas de inteligencia y de aptitudes 
250 |a 3a. ed 
300 |a v 
942 |c BK 
945 |d 19950521 00:00:00  |a mfernand 
260 |a Buenos Aires  |b Kapelusz  |c 1953 
650 0 |a Pruebas psicológicas  |9 307459 
650 0 |a Psicometría  |9 260694 
650 0 |a Pruebas de inteligencia  |9 307461 
650 0 |a Inteligencia  |9 267038 
650 0 |a Aptitud  |9 335650 
650 7 |a PRUEBAS DE APTITUD  |2 CL-VaPUC  |9 307995 
650 7 |a PRACTICA DE PRUEBAS EDUCACIONALES  |2 CL-VaPUC  |9 335463 
583 |a last modification  |c 19950521 00:00:00  |k Rodrigo Vera 
490 0 |a Biblioteca de ciencias de la educación 
999 |c 233672  |d 233670 
952 |0 0  |1 0  |4 0  |6 150_287000000000000_SZE_1953  |7 0  |8 A  |9 239350  |a BIBEDU  |b BIBEDU  |d 2019-11-18  |h v.2  |i 1505998  |o 150.287 SZE 1953  |p 1505998  |r 2019-11-18  |w 2019-11-18  |y BK  |k EDU